000 00668cam a2200253 4500
008 000000n2000 000 0 eng u
020 _a0793135052
035 _a(Sirsi) u112030
050 _a333.330973
100 _aGaddy, Wade E.
245 _aReal estate fundamentals.
250 _a5th ed.
260 _aChicago, Il
_bReal Estate Education Company
_c2000
300 _aviii,333p. ; 28cm.
350 _a34.45
650 _aUNITED STATES
650 _aESTATE AGENCY
650 _aPROPERTY FINANCE
650 _aRESIDENTIAL PROPERTY
_96266
650 _aMATHEMATICS
690 _aINTERNATIONAL-AMERICAS
700 _aHart, Robert E.
942 _n0
999 _c101347
_d101347